000
00304 a2200109 4500
001
ART_40047
005
20260410161842.0
008
260409a
245
1
0
_a
Habilitación de la instancia judicial
100
1
_a
Monti, Laura
773
0
_t
RAP
_g
- Año 23, Nº 268 (ene. 2001)
_w
REV5941
999
_c
24164
_d
24164